Statistics for Eminem Albums (Infinite - Marshall Mathers LP2)

Click here to take the quiz!

General Stats

  • This quiz has been taken 261 times
    (16 since last reset)
  • The average score is 73 of 227

Answer Stats

Hint Answer % Correct
Kim
91%
Without Me
91%
Stan
91%
My Name Is
82%
The Real Slim Shady
82%
Cleanin Out My Closet
82%
Mockingbird
82%
Beautiful
73%
Paul
73%
Kill You
73%
Still Don't Give A ****
73%
Crack A Bottle
73%
Paul
73%
The Way I Am
73%
Paul
73%
Paul Rosenberg
73%
Like Toy Soldiers
73%
Just Lose It
73%
Guilty Conscience
73%
Marshall Mathers
73%
Paul
73%
White America
73%
Rap God
73%
Paul
73%
Square Dance
64%
Criminal
64%
Brain Damage
64%
Business
64%
My Dad's Gone Crazy
64%
Ass Like That
64%
Puke
64%
Mosh
64%
Love The Way You Lie
64%
Superman
64%
Just Don't Give A ****
64%
Bi***
64%
Soldier
55%
The Monster
55%
Amityville
55%
Cinderella Man
55%
Ken Kaniff
55%
Sing For The Moment
55%
Under The Influence
55%
Space Bound
55%
We Made You
55%
InfiniteInfinite
55%
Elevator
55%
Till I Collapse
55%
Drug Ballad
55%
Hailie's Song
55%
Role Model
55%
Bad Meets Evil
55%
Ken Kaniff
55%
I'm Back
55%
Im Shady
55%
As The World Turns
55%
Not Afraid
45%
Big Weenie
45%
Rain Man
45%
Yellow Brick Road
45%
Evil Deeds
45%
Headlights
45%
3am
45%
Buffalo Bill
45%
Must Be The Ganja
45%
Insane
45%
My Mom
45%
Encore/Curtains Down
45%
Marshall Mathers LP2Bad Guy
45%
Crazy In Love
45%
97 Bonnie & Clyde
45%
Rock Bottom
45%
Asshole
45%
Cum On Everybody
45%
So Bad
45%
Berzerk
45%
(Bonus Track)The Kids
45%
Who Knew
45%
Bagpipes From Baghdad
36%
Steve Berman
36%
Remember Me?
36%
RecoveryCold Wind Blows
36%
The Eminem ShowCurtains Up
36%
(Bonus Track)My Darling
36%
The Slim Shady LPPublic Service Announcement
36%
Em Calls Paul
36%
Deja Vu
36%
Underground
36%
Spend Some Time
36%
Bitch Please II
36%
Medicine Ball
36%
My Fault
36%
EncoreCurtains Up
36%
Steve Berman
36%
If I Had
36%
Love Game
36%
Curtains Close
36%
25 To Life
36%
Steve Berman
36%
When The Music Stops
36%
Marshall Mathers LPPublic Service Announcement 2000
36%
Drips
36%
My 1st Single
36%
If I Had
36%
Say Goodbye Hollywood
36%
W.T.P
27%
Won't Back Down
27%
Going Through Changes
27%
(Bonus CD)Beautiful Pain
27%
Parking Lot
27%
No Love
27%
On Fire
27%
Talkin 2 Myself
27%
Legacy
27%
Brainless
27%
Almost Famous
27%
So Far...
27%
Relapse RefillForever
27%
(Bonus CD)Wicked Ways
27%
Old Times Sake
27%
One Shot 2 Shot
27%
Final Thought
27%
(Bonus Track)Love You More
27%
(Bonus Track)Ricky Ticky Toc
27%
Never Enough
27%
Say What You Say
27%
Searchin
27%
Soap
27%
The Kiss
27%
RelapseDr.West
27%
Em Calls Paul
27%
Hello
27%
Stay Wide Awake
27%
Tonya
27%
Just Don't Give A F***
18%
Low Down, Dirty
18%
The Slim Shady EPIntro
18%
Jealousy Woes II
18%
Survival
18%
Just The Two Of Us
18%
Mommy
18%
Rhyme Or Reason
18%
So Much Better
18%
Backstabber
18%
Never 2 Far
18%
Tonite
18%
Evil Twin
18%
(Bonus CD)Groundhog Day
18%
Living Proof
18%
Maxine
18%
WEGO
18%
Its Ok
18%
313
18%
(Bonus CD)Baby
18%
Open Mic
18%
Seduction
18%
Lounge
18%
You're Never Over
18%
(Bonus Track)We As Americans
18%
Taking My Ball
18%
Same Song & Dance
18%
(Bonus Track)Be Careful What You Wish For
18%
Fastlane
18%
Music Box
18%
Above The Law
18%
A Kiss
18%
EminemGuts Over Fear
9%
Not Alike
9%
Hell The Sequel LPWelcome 2 Hell
9%
Good Guy
9%
Nice Guy
9%
Kamikaze
9%
Loud Noises
9%
The Ringer
9%
Framed
9%
Walk On Water
9%
Lucky You
9%
Take From Me
9%
Lighters
9%
Fall
9%
Tragic Endings
9%
Stronger Than I Was
9%
The Reunion
9%
(Hidden Track)Here We Go
9%
(iTunes Bonus)Session One
9%
(iTunes Bonus)Ridaz
9%
Murder, Murder
9%
No One's Iller
9%
(COD-Bonus Track)Don't Front
9%
Drop The Bomb On Em
9%
Echo
9%
(Bonus CD)Desperation
9%
I'm On Everything
9%
Mr.Mathers
9%
Offended
0%
Heat
0%
Nowhere Fast
0%
Need Me
0%
Venom
0%
Castle
0%
Greatest
0%
Stepping Stone
0%
Arose
0%
Normal
0%
In Your Head
0%
EminemDetriot vs Everybody
0%
EminemFine Line
0%
EminemTwisted
0%
EminemRight For Me
0%
EminemKings Never Die
0%
Eminem as Bad Meets EvilVegas
0%
EminemDie Alone
0%
Hell Breaks Loose
0%
EminemShady XV
0%
FeaturingPsychopath Killer
0%
Eminem as Bad Meets EvilRaw
0%
Eminem as Bad Meets EvilAll I Think About
0%
Remind Me Intro
0%
Remind Me
0%
Revival
0%
Like Home
0%
River
0%
Untouchable
0%
EminemPhenomenal
0%
Believe
0%
Chloraseptic
0%
Bad Husband
0%

Score Distribution

Percentile by Number Answered

Percent of People with Each Score

Your Score History

You have not taken this quiz since the last reset